[Event "Ekaterinburg Scerbin Memorial"]
[Site "Ekaterinburg"]
[Date "2023.01.14"]
[Round "2"]
[White "Chigaev, Maksim"]
[Black "Bilalov, Ruslan"]
[Result "1-0"]
[WhiteElo "2632"]
[BlackElo "2165"]
[PlyCount "71"]
[EventDate "2023.01.14"]
[EventType "swiss (rapid)"]
[EventRounds "11"]
[EventCountry "RUS"]
[SourceTitle "CBM 212 Extra"]
[Source "ChessBase"]
[SourceDate "2023.03.31"]
[SourceVersion "1"]
[SourceVersionDate "2023.03.31"]
[SourceQuality "1"]

1. e4 e6 2. d4 d5 3. Bd3 dxe4 4. Bxe4 Nf6 5. Bf3 Be7 6. Ne2 0-0 7. Nbc3 Nbd7 8. 0-0 Nb6 9. Bf4 Nbd5 10. Bg3 Bd7 11. Ne4 Nxe4 12. Bxe4 b5 13. Re1 a6 14. Nf4 c6 15. Nd3 f5 16. Bxd5 exd5 17. Bc7 Qxc7 18. Rxe7 Rae8 19. Qe1 Qd8 20. Rxe8 Rxe8 21. Qd2 h6 22. Ne5 Qc7 23. Re1 a5 24. a3 Kh7 25. Nd3 Qd8 26. Re5 Rxe5 27. Nxe5 Be8 28. h3 Kg8 29. Nd3 Kh7 30. Qe1 Bg6 31. Nf4 Bf7 32. Qe5 g6 33. Kf1 Kg8 34. Ke1 g5 35. Ne6 Qe8 36. Qg7# 1-0